Statistics for Double R Answers

Click here to take the quiz!

General Stats

  • This quiz has been taken 25,832 times
    (13,063 since last reset)
  • The average score is 14 of 20

Answer Stats

HintAnswer% Correct
Italian sports car brandFerrari
98%
Word that comes between Great and ReefBarrier
89%
Capital of AustraliaCanberra
87%
How James Bond does NOT
want his martini
Stirred
84%
He makes the letter Z with his swordZorro
84%
Van Gogh painting: The ______ NightStarry
83%
Bueller's first nameFerris
76%
Country in the PyreneesAndorra
75%
Tissue found inside of bonesMarrow
74%
Latin for "land"Terra
74%
Andrew or Katrina, for exampleHurricane
72%
Like tsar IvanTerrible
68%
World famous London department storeHarrods
63%
French word for someone's rear endDerrière
60%
Spanish for "donkey"Burro
59%
"ism" associated with Salvador Dali{Surreal}ism
58%
This is to reward as stick is to punishmentCarrot
47%
French brand of mineral waterPerrier
46%
Bobby McFerrin says don't do thisWorry
45%
______ with the fringe on topSurrey
25%

Score Distribution

Percentile by Number Answered

Percent of People with Each Score

Your Score History

You have not taken this quiz since the last reset